000 00654nam a2200217Ia 4500
003 OSt
005 20250217140314.0
008 210210b2011 xxu||||| |||| 00| 0 eng d
020 _a9789381555002
040 _cAL
041 _ahin
082 _aH891.9 PATH
100 _aPATILA (Krashna)
_9200286
110 _bपटीला कृष्णा
_9200287
245 _aHindi ki gramin kahaniyon mein samaj:
_bहिंदी की ग्रामीन कहानियों में समाज
260 _aKanpur
_bVidya Prakashan
_c2011
300 _a272
690 _aHindi Criticism
_9200288
906 _a066719
942 _2ddc
_cBK
999 _c149173
_d149173